| 000 | 01026nam a2200241 a 4500 | ||
|---|---|---|---|
| 001 | 000035315 | ||
| 005 | 20200930074242.0 | ||
| 008 | 111027s1949 mx 000 1 spa d | ||
| 040 |
_aDO-SdBNP _bspa _cBNPHU |
||
| 082 |
_axxxx _bD579t, 1949 |
||
| 100 | 1 |
_aDilthey, Wilhelm, _d1833-1911 _961059 |
|
| 245 | 1 | 0 |
_aIntroducción a las ciencias del espiritu : _ben la que se trata de fundamentar el estudio de la sociedad y de la historia / _cversión nuevamente revisada, prólogo y notas de Eugenio Ímaz, prólogo Guillermo Dilthey. |
| 250 | _a2a ed. | ||
| 260 |
_aMéxico : _bFondo de Cultura Económica, _c1949. |
||
| 300 |
_axxv, 426 p. ; _c24 cm. |
||
| 490 | 1 |
_aObras de Dilthey _v1 |
|
| 500 | _aApéndices : p. 385-405 | ||
| 504 | _aIncluye referencias bibliográficas y notas al pie de las páginas | ||
| 590 | _aPerteneció a la biblioteca personal de Juan Isidro Jimenes Grullón. | ||
| 700 | 1 |
_aÍmaz, Eugenio, _epról. _925785 |
|
| 700 | 1 |
_aDilthey, Guillermo, _epról. _961087 |
|
| 830 | 0 |
_aObras de Dilthey _v1 _961060 |
|
| 999 |
_c34806 _d34806 |
||